Geography Quiz

Random Geography or State Quiz

US States in Eastern Timezone Quiz Stats

 Plays Quiz Updated May 24, 2015

Challenge
Share
Tweet
Embed
Score 0/22 Timer 03:00
22 Plays Today
% Correct
New Jersey
97.2%
Maryland
97.1%
Maine
96.9%
Florida
96.8%
Massachusetts
96.7%
New York
96.7%
New Hampshire
96.6%
Delaware
96.4%
Connecticut
96.4%
Pennsylvania
96.2%
Rhode Island
95.1%
% Correct
Georgia
95.1%
Virginia
94.6%
North Carolina
93.8%
Vermont
93.5%
South Carolina
92.8%
West Virginia
89.7%
Ohio
87.8%
Tennessee
81.1%
Kentucky
80.9%
Indiana
68.3%
Michigan
66.1%

You're not logged in!

Compare scores with friends on all Sporcle quizzes.
Join for Free
OR
Log In

You Might Also Like...

Show Comments

Extras

Top Quizzes Today


Score Distribution

Your Account Isn't Verified!

In order to create a playlist on Sporcle, you need to verify the email address you used during registration. Go to your Sporcle Settings to finish the process.

Report this User

Report this user for behavior that violates our Community Guidelines.

Details: